[Event "BPB Limburg-open C"]
[Site "Maastricht"]
[Date "2015.05.22"]
[Round "1"]
[White "Overtoom, Reinier"]
[Black "Akulov, Lev"]
[Result "1/2-1/2"]
[WhiteElo "1739"]
[BlackElo "1611"]
[PlyCount "80"]
[EventDate "2015.05.22"]
[EventType "swiss"]
[EventRounds "7"]
[EventCountry "NED"]
[Source "P.Boonen"]
[SourceDate "2015.01.01"]

1. e4 e5 2. Nf3 Nf6 3. Bc4 Nc6 4. d3 Bc5 5. c3 O-O 6. Bb3 d5 7. Qe2 dxe4 8.
dxe4 Qe7 9. Nbd2 a6 10. Nf1 h6 11. Ng3 Bd7 12. O-O Rad8 13. Be3 Bxe3 14. Qxe3
Bc8 15. Rad1 Rd6 16. Rxd6 Qxd6 17. Rd1 Qe7 18. h3 Rd8 19. Qe2 Rd6 20. Nh4 g6
21. Nxg6 Rxd1+ 22. Qxd1 Qd7 23. Qf3 Qd8 24. Nh5 Kh7 25. Qxf6 Qxf6 26. Nxf6+
Kxg6 27. Ne8 Be6 28. Bd5 Ne7 29. Nxc7 Nxd5 30. exd5 Bd7 31. c4 Kf6 32. d6 e4
33. b4 Ke5 34. c5 Kd4 35. Kf1 a5 36. a3 axb4 37. axb4 Kc4 38. Ke2 Kxb4 39. Nd5+
Kxc5 40. Nf6 Kxd6 1/2-1/2

[Event "BPB Limburg-open C"]
[Site "Maastricht"]
[Date "2015.05.22"]
[Round "1"]
[White "Oxener, Aldo"]
[Black "Wolters, Vincent"]
[Result "1/2-1/2"]
[WhiteElo "1533"]
[BlackElo "1654"]
[PlyCount "49"]
[EventDate "2015.05.22"]
[EventType "swiss"]
[EventRounds "7"]
[EventCountry "NED"]
[Source "P.Boonen"]
[SourceDate "2015.01.01"]

1. e4 e5 2. Nf3 Nc6 3. d4 exd4 4. Bc4 Nf6 5. O-O Bc5 6. e5 d5 7. Bb5 Ne4 8.
Bxc6+ bxc6 9. Nxd4 Ba6 10. Re1 Nxf2 11. Kxf2 Qh4+ 12. Kg1 Qxd4+ 13. Qxd4 Bxd4+
14. Kh1 Kd7 15. c3 Bf2 16. Rd1 Rhe8 17. Bf4 h6 18. h3 Bc5 19. Nd2 g5 20. Bg3
Rad8 21. Ne4 Be7 22. Rac1 Kc8 23. Nd2 h5 24. Nb3 Bf8 25. Nd4 1/2-1/2

[Event "BPB Limburg-open C"]
[Site "Maastricht"]
[Date "2015.05.22"]
[Round "1"]
[White "Raats, Joppe"]
[Black "Uiterwijk, Jos"]
[Result "1-0"]
[WhiteElo "1495"]
[BlackElo "1622"]
[PlyCount "117"]
[EventDate "2015.05.22"]
[EventType "swiss"]
[EventRounds "7"]
[EventCountry "NED"]
[Source "P.Boonen"]
[SourceDate "2015.01.01"]

1. e4 c5 2. Nf3 d6 3. Nc3 g6 4. d3 Bg7 5. Be3 Nf6 6. g3 O-O 7. Bg2 Ng4 8. Bf4
Nc6 9. O-O a6 10. Rb1 b5 11. Nd5 e6 12. Nc3 b4 13. Ne2 e5 14. Bg5 f6 15. Bd2
Nh6 16. c3 a5 17. a3 Rb8 18. Qc1 Nf7 19. Ra1 Ba6 20. c4 Bc8 21. axb4 axb4 22.
b3 Bd7 23. Ra4 Nd4 24. Nexd4 Bxa4 25. Ne6 Qd7 26. Nxf8 Bxf8 27. bxa4 Qxa4 28.
Qb2 Ra8 29. Rb1 Qa3 30. Qxa3 Rxa3 31. Bf1 Nd8 32. Bc1 Ra4 33. Bb2 Ra2 34. Be2
Nc6 35. Bd1 Ra6 36. Ra1 Rxa1 37. Bxa1 Bh6 38. Bb2 Kf7 39. Ba4 Na5 40. Kf1 Ke7
41. Ke2 Kd8 42. Nd2 Ke7 43. Nb3 Nxb3 44. Bxb3 Kd8 45. Kd1 Kc7 46. Bc1 Bxc1 47.
Kxc1 g5 48. h4 gxh4 49. gxh4 Kd8 50. Kd2 Ke7 51. Ke3 Kf7 52. Kf3 Kg6 53. Kg4 h6
54. h5+ Kg7 55. Kf5 Kf7 56. f3 Ke7 57. Kg6 Ke6 58. Kxh6 Kf7 59. Kh7 1-0

[Event "BPB Limburg-open C"]
[Site "Maastricht"]
[Date "2015.05.22"]
[Round "1"]
[White "Reusink, Hans"]
[Black "Spanjersberg, Hans"]
[Result "0-1"]
[WhiteElo "1535"]
[BlackElo "1664"]
[PlyCount "64"]
[EventDate "2015.05.22"]
[EventType "swiss"]
[EventRounds "7"]
[EventCountry "NED"]
[Source "P.Boonen"]
[SourceDate "2015.01.01"]

1. e4 e6 2. d3 d5 3. Nd2 c5 4. Ngf3 Nc6 5. g3 Nf6 6. Bg2 Be7 7. O-O O-O 8. e5
Nd7 9. Re1 Nb6 10. Nf1 f6 11. exf6 Bxf6 12. c3 e5 13. N1d2 Be6 14. Nb3 Qd6 15.
h4 Bg4 16. Qc2 Bxf3 17. Bxf3 Bxh4 18. Kg2 Be7 19. Rh1 Qf6 20. Qe2 Rad8 21. Bd2
c4 22. Nc1 e4 23. dxe4 Ne5 24. Bf4 Nxf3 25. Qxf3 g5 26. Qh5 Rf7 27. Be3 dxe4
28. Bd4 Rxd4 29. cxd4 Qxf2+ 30. Kh3 Nd5 31. Ne2 Ne3 32. Rh2 Qf5+ 0-1

[Event "BPB Limburg-open C"]
[Site "Maastricht"]
[Date "2015.05.22"]
[Round "1"]
[White "Rogge, Parcival"]
[Black "Bauer, Juri"]
[Result "1/2-1/2"]
[WhiteElo "1185"]
[BlackElo "1418"]
[PlyCount "136"]
[EventDate "2015.05.22"]
[EventType "swiss"]
[EventRounds "7"]
[EventCountry "NED"]
[Source "P.Boonen"]
[SourceDate "2015.01.01"]

1. d4 d5 2. Nf3 Nf6 3. Bg5 e6 4. e3 Be7 5. c3 O-O 6. Bd3 Ne4 7. Bxe7 Qxe7 8.
Qc2 f5 9. Nbd2 b6 10. O-O-O Nxf2 11. Rdf1 Nxh1 12. Rxh1 c5 13. Ne5 c4 14. Be2
Nd7 15. Ndf3 Nxe5 16. Nxe5 b5 17. Rf1 a5 18. Qd1 b4 19. cxb4 Qxb4 20. g4 Rb8
21. Qc2 Rb6 22. a3 Qb5 23. gxf5 exf5 24. Kb1 a4 25. Nxc4 Rc6 26. Ne5 Rxc2 27.
Bxb5 Rxh2 28. Bxa4 g5 29. Bb3 Bb7 30. Bc2 f4 31. exf4 Rxf4 32. Rg1 h6 33. Ng4
Rh4 34. Ne3 Kf7 35. Bd1 Ba6 36. Nxd5 Bd3+ 37. Ka1 Rxd4 38. Bb3 Ke8 39. Re1+ Kd8
40. Nf6 Be4 41. Nxe4 Rhxe4 42. Rh1 Rd6 43. Rf1 h5 44. Rf8+ Kc7 45. Rf7+ Kb6 46.
Rf5 Re1+ 47. Ka2 Rg1 48. a4 Rd2 49. Rf6+ Kc7 50. Rf7+ Kd8 51. Rf8+ Ke7 52. Rf7+
Ke8 53. a5 Rgg2 54. Rh7 Rxb2+ 55. Ka3 Rb1 56. Rxh5 Rg3 57. Rh8+ Kd7 58. Rh7+
Kc6 59. Rh6+ Kc5 60. Rb6 Ra1+ 61. Kb2 Rxa5 62. Rf6 Rb5 63. Rf5+ Kb6 64. Rxb5+
Kxb5 65. Kc2 Rxb3 66. Kd2 Rf3 67. Ke1 g4 68. Ke2 g3 1/2-1/2

[Event "BPB Limburg-open C"]
[Site "Maastricht"]
[Date "2015.05.22"]
[Round "1"]
[White "Schlosser, Mathias"]
[Black "Baselmans, Sam"]
[Result "0-1"]
[WhiteElo "1720"]
[BlackElo "1586"]
[PlyCount "72"]
[EventDate "2015.05.22"]
[EventType "swiss"]
[EventRounds "7"]
[EventCountry "NED"]
[Source "P.Boonen"]
[SourceDate "2015.01.01"]

1. e4 e6 2. d4 d5 3. Nd2 dxe4 4. Nxe4 Be7 5. Nf3 Nf6 6. Ng3 Nbd7 7. Bd3 O-O 8.
O-O c5 9. c3 Qc7 10. Qe2 b6 11. Bg5 Bb7 12. Ne4 Rac8 13. dxc5 bxc5 14. Rad1 h6
15. Nxf6+ Bxf6 16. Bc1 Rfd8 17. Be4 Nb6 18. Bxb7 Qxb7 19. Rxd8+ Rxd8 20. Rd1
Rxd1+ 21. Qxd1 Qa6 22. a3 Qc4 23. h3 Nd5 24. Qc2 g5 25. g3 e5 26. Nh2 Ne7 27.
Ng4 Bg7 28. Ne3 Qe6 29. Kh2 f5 30. b3 f4 31. Nc4 Nd5 32. f3 fxg3+ 33. Kxg3 Nf4
34. Bxf4 exf4+ 35. Kg2 Qe1 36. Qd2 Qg3+ 0-1

[Event "BPB Limburg-open C"]
[Site "Maastricht"]
[Date "2015.05.22"]
[Round "1"]
[White "Schroeder, Oliver"]
[Black "Van Ginneken, Maikel"]
[Result "1-0"]
[WhiteElo "1623"]
[BlackElo "1499"]
[PlyCount "125"]
[EventDate "2015.05.22"]
[EventType "swiss"]
[EventRounds "7"]
[EventCountry "NED"]
[Source "P.Boonen"]
[SourceDate "2015.01.01"]

1. e4 e5 2. Nf3 Nf6 3. d3 d6 4. Be2 Be7 5. O-O O-O 6. Nbd2 Be6 7. b3 Nbd7 8. c4
c6 9. Bb2 Qc7 10. Rc1 Rfe8 11. Re1 Nc5 12. Ba3 Qa5 13. Nb1 Na6 14. Qd2 Qb6 15.
Nc3 Ng4 16. Rf1 Rad8 17. Ng5 Rf8 18. Nxe6 Nxf2 19. Rxf2 fxe6 20. Rcf1 h6 21.
Na4 Qd4 22. Bb2 Bg5 23. Bxd4 Bxd2 24. Rxf8+ Rxf8 25. Rxf8+ Kxf8 26. Bxa7 Nb4
27. Kf2 Nxa2 28. Be3 Bb4 29. Bg4 Ke7 30. Ke2 b5 31. Nb2 Nc3+ 32. Kf3 bxc4 33.
bxc4 d5 34. cxd5 exd5 35. exd5 cxd5 36. Bd2 d4 37. Nc4 Kf6 38. Kf2 e4 39. dxe4
Nxe4+ 40. Ke1 Nxd2 41. Nxd2 Kg5 42. Bf3 Kf4 43. Ke2 g5 44. Nb3 Bc3 45. Kd3 Ke5
46. Nc5 Bb2 47. Ne4 Kf4 48. Ng3 g4 49. Ne2+ Kf5 50. Be4+ Ke5 51. Bg6 Kf6 52.
Bh5 Kg5 53. Be8 h5 54. Nxd4 g3 55. h3 Ba3 56. Ke4 Bd6 57. Nf3+ Kh6 58. Kf5 Bc7
59. Ne5 Bb8 60. Ng6 Bc7 61. Nf4 h4 62. Kg4 Kg7 63. Ne6+ 1-0

[Event "BPB Limburg-open C"]
[Site "Maastricht"]
[Date "2015.05.22"]
[Round "1"]
[White "Slangen-Knuit, Dien"]
[Black "Bijvank, Kylian"]
[Result "0-1"]
[WhiteElo "1033"]
[BlackElo "1371"]
[PlyCount "48"]
[EventDate "2015.05.22"]
[EventType "swiss"]
[EventRounds "7"]
[EventCountry "NED"]
[Source "P.Boonen"]
[SourceDate "2015.01.01"]

1. d4 Nf6 2. c4 g6 3. Nc3 Bg7 4. Nf3 d6 5. e4 O-O 6. Be2 Nbd7 7. O-O e5 8. d5
Ne8 9. Bd3 Nc5 10. Bc2 f5 11. Re1 f4 12. b3 g5 13. b4 Na6 14. a3 g4 15. Nd2 h5
16. f3 Qh4 17. Nf1 gxf3 18. Qxf3 Qxe1 19. Bb2 Qh4 20. Ba4 Bg4 21. Qd3 f3 22. g3
Qh3 23. Qc2 f2+ 24. Kh1 Bf3# 0-1

[Event "BPB Limburg-open C"]
[Site "Maastricht"]
[Date "2015.05.22"]
[Round "1"]
[White "Sleurs, Juliette"]
[Black "Muntean, Adrian"]
[Result "1-0"]
[WhiteElo "1446"]
[BlackElo "1237"]
[PlyCount "93"]
[EventDate "2015.05.22"]
[EventType "swiss"]
[EventRounds "7"]
[EventCountry "NED"]
[Source "P.Boonen"]
[SourceDate "2015.01.01"]

1. e4 e5 2. Nf3 Nc6 3. Bc4 Nf6 4. Nc3 Bc5 5. d3 d6 6. Bg5 Nd4 7. Nd5 Bg4 8.
Bxf6 gxf6 9. c3 Ne6 10. h3 Bh5 11. g4 Bg6 12. h4 h6 13. h5 Bh7 14. Bb3 c6 15.
Ne3 Rg8 16. Nh2 Qb6 17. Qd2 O-O-O 18. O-O-O Nf4 19. Bxf7 Rg7 20. Bb3 d5 21.
exd5 Nxd3+ 22. Kb1 Nxf2+ 23. Nc2 Nxh1 24. Rxh1 cxd5 25. Qxh6 Rc7 26. Rf1 Bf2
27. Qd2 Be3 28. Qe2 d4 29. cxd4 Bxd4 30. Rc1 Be3 31. Rd1 Rxd1+ 32. Qxd1 Rd7 33.
Qe1 Bxc2+ 34. Bxc2 Rd2 35. Nf1 Bd4 36. Bf5+ Kd8 37. Qxd2 Qb5 38. Ng3 Ke7 39.
Bg6 Ke6 40. h6 Qc5 41. Qc2 Qb4 42. Qb3+ Qxb3 43. axb3 f5 44. Bxf5+ Kf7 45. Ne4
b5 46. h7 Kg7 47. g5 1-0

[Event "BPB Limburg-open C"]
[Site "Maastricht"]
[Date "2015.05.22"]
[Round "1"]
[White "Steinhart, Roel"]
[Black "Hotwani, Rahul"]
[Result "0-1"]
[WhiteElo "1564"]
[BlackElo "1697"]
[PlyCount "50"]
[EventDate "2015.05.22"]
[EventType "swiss"]
[EventRounds "7"]
[EventCountry "NED"]
[Source "P.Boonen"]
[SourceDate "2015.01.01"]

1. e4 e5 2. c3 Nf6 3. Qf3 Bc5 4. Bc4 d6 5. d3 Be6 6. Bb5+ Bd7 7. Bc4 Be6 8.
Bb5+ c6 9. Ba4 O-O 10. Bg5 Nbd7 11. h3 Qc7 12. Bd1 d5 13. Qg3 Rfe8 14. Nf3 dxe4
15. Bxf6 Nxf6 16. Nxe5 exd3 17. O-O Rad8 18. Kh1 Ne4 19. Qf4 Nxf2+ 20. Kh2 Nxd1
21. Rxd1 f6 22. Re1 fxe5 23. Qf1 e4+ 24. g3 Rf8 25. Qg2 Rf2 0-1

[Event "BPB Limburg-open C"]
[Site "Maastricht"]
[Date "2015.05.22"]
[Round "1"]
[White "Valembois, Pierre"]
[Black "Schroeder, Janina"]
[Result "0-1"]
[WhiteElo "1203"]
[BlackElo "1422"]
[PlyCount "86"]
[EventDate "2015.05.22"]
[EventType "swiss"]
[EventRounds "7"]
[EventCountry "NED"]
[Source "P.Boonen"]
[SourceDate "2015.01.01"]

1. d4 d5 2. Nf3 Nf6 3. e3 e6 4. Bd3 Bd6 5. a3 b6 6. b3 O-O 7. Bb2 Bb7 8. Nbd2
Nbd7 9. Qe2 Re8 10. Ne5 Rf8 11. g4 h6 12. O-O-O c5 13. g5 hxg5 14. Rhg1 Ne4 15.
Ndf3 f6 16. Ng6 Re8 17. Bxe4 dxe4 18. h4 exf3 19. Qf1 Kf7 20. h5 Be4 21. dxc5
Nxc5 22. Rd4 Rc8 23. b4 Nb3+ 24. Kb1 Bxc2+ 25. Ka2 Nxd4 26. exd4 Qc7 27. Ne5+
fxe5 28. Rxg5 Qc4+ 29. Qxc4 Rxc4 30. dxe5 Be7 31. Rg6 Bxg6 32. Kb3 Bd3 33. a4
Rc2 34. a5 bxa5 35. h6 gxh6 36. Ka4 Rxf2 37. Bd4 Re2 38. Bb6 axb6 39. Kb3 f2
40. Kc3 f1=Q 41. Kb3 Qb1+ 42. Kc3 Rc8+ 43. Kd4 Re4# 0-1

[Event "BPB Limburg-open C"]
[Site "Maastricht"]
[Date "2015.05.22"]
[Round "1"]
[White "Van Stiphout, Sophie"]
[Black "De Cocq, Ramin"]
[Result "0-1"]
[WhiteElo "1390"]
[BlackElo "1101"]
[PlyCount "72"]
[EventDate "2015.05.22"]
[EventType "swiss"]
[EventRounds "7"]
[EventCountry "NED"]
[Source "P.Boonen"]
[SourceDate "2015.01.01"]

1. e4 c5 2. Nf3 d6 3. g3 Nf6 4. d3 Nc6 5. Bg2 Bg4 6. O-O Ne5 7. Nbd2 e6 8. c3
Nxd3 9. Nc4 Nxc1 10. Rxc1 Nxe4 11. Ne3 Bxf3 12. Bxf3 Nf6 13. Bxb7 Rb8 14. Qa4+
Nd7 15. Bc6 Qc7 16. Nc4 Be7 17. Bg2 d5 18. Ne3 O-O 19. Qg4 Ne5 20. Qe2 Ng6 21.
h4 Bd6 22. h5 Ne7 23. Ng4 Nf5 24. h6 Nxh6 25. Nxh6+ gxh6 26. Qg4+ Kh8 27. Qh4
Be5 28. Qxh6 Bg7 29. Qd2 Qa5 30. b3 d4 31. Kh2 dxc3 32. Qc2 Rbd8 33. Rcd1 Rd2
34. Rxd2 cxd2 35. Bf3 Qc3 36. Qb1 Qxf3 0-1

[Event "BPB Limburg-open C"]
[Site "Maastricht"]
[Date "2015.05.22"]
[Round "1"]
[White "Van Wijnendaele, Jovanni"]
[Black "Been, Klaas"]
[Result "1/2-1/2"]
[WhiteElo "1593"]
[BlackElo "1722"]
[PlyCount "131"]
[EventDate "2015.05.22"]
[EventType "swiss"]
[EventRounds "7"]
[EventCountry "NED"]
[Source "P.Boonen"]
[SourceDate "2015.01.01"]

1. d4 d5 2. Nc3 e6 3. e4 dxe4 4. Nxe4 Nf6 5. Bg5 Be7 6. Nxf6+ Bxf6 7. Bxf6 Qxf6
8. Nf3 Nd7 9. Bb5 c6 10. Bd3 O-O 11. Qe2 b6 12. Qe4 g6 13. Qxc6 Rb8 14. O-O Qe7
15. Qb5 a6 16. Qg5 f6 17. Qe3 Bb7 18. Rfe1 Rfe8 19. Bc4 Nf8 20. d5 Qb4 21. Qd4
b5 22. Bb3 Qxd4 23. Nxd4 Bxd5 24. Rad1 Bxb3 25. Nxb3 e5 26. Rd6 Re6 27. Red1
Kf7 28. Nc5 Rxd6 29. Rxd6 Rc8 30. b4 a5 31. c3 axb4 32. cxb4 Ra8 33. Rd2 Ke7
34. Kf1 Ra3 35. Ke2 Rc3 36. a4 bxa4 37. Nxa4 Rc4 38. Nb6 Rc6 39. Nd5+ Ke6 40.
Ne3 Nd7 41. Kd3 Nb6 42. Rc2 Rd6+ 43. Ke2 e4 44. Nc4 Rc6 45. Ne3 Rxc2+ 46. Nxc2
Ke5 47. Kd2 Kd5 48. Kc3 f5 49. Ne3+ Ke6 50. Kd4 f4 51. Nc4 Nd5 52. b5 e3 53.
fxe3 fxe3 54. Nxe3 Nb6 55. Kc5 Na4+ 56. Kc6 Ke5 57. b6 Nxb6 58. Kxb6 Ke4 59.
Nd1 Kd3 60. Nf2+ Ke2 61. Ne4 Ke3 62. Nf6 h5 63. Nd5+ Kf2 64. Nf4 g5 65. Nxh5
Kxg2 66. Nf6 1/2-1/2

[Event "BPB Limburg-open C"]
[Site "Maastricht"]
[Date "2015.05.22"]
[Round "1"]
[White "Van der Hoeven, Carsten"]
[Black "Mang, Jessie"]
[Result "1-0"]
[WhiteElo "1366"]
[BlackElo "955"]
[PlyCount "59"]
[EventDate "2015.05.22"]
[EventType "swiss"]
[EventRounds "7"]
[EventCountry "NED"]
[Source "P.Boonen"]
[SourceDate "2015.01.01"]

1. e4 c5 2. Nf3 d6 3. d4 cxd4 4. Nxd4 Nf6 5. Nc3 Nc6 6. Be3 e6 7. Bb5 Bd7 8.
Qd2 Be7 9. O-O-O O-O 10. g4 a6 11. Bd3 Nxd4 12. Bxd4 e5 13. Be3 Bxg4 14. Rdg1
d5 15. exd5 Kh8 16. Rg3 Bb4 17. Rhg1 e4 18. Bc4 b5 19. Bb3 Qd7 20. a3 Bxc3 21.
Qxc3 Rac8 22. Qd4 a5 23. h3 a4 24. Ba2 Bxh3 25. Rxg7 Qf5 26. R7g5 Qf3 27. R1g3
Rxc2+ 28. Kxc2 Rc8+ 29. Kd2 Qh1 30. Qxf6# 1-0

[Event "BPB Limburg-open C"]
[Site "Maastricht"]
[Date "2015.05.22"]
[Round "1"]
[White "Vanden Bossche, Nicolas"]
[Black "Kalkman de Koster, Franzke"]
[Result "1-0"]
[WhiteElo "1681"]
[BlackElo "1558"]
[PlyCount "75"]
[EventDate "2015.05.22"]
[EventType "swiss"]
[EventRounds "7"]
[EventCountry "NED"]
[Source "P.Boonen"]
[SourceDate "2015.01.01"]

1. d4 d5 2. c4 c6 3. Nc3 Nf6 4. Bg5 e6 5. e3 Be7 6. Nf3 Nbd7 7. Bd3 a6 8. O-O
O-O 9. Qc2 Re8 10. c5 b6 11. b4 b5 12. a4 Bb7 13. Bf4 g6 14. Ra2 Nh5 15. Bh6
Bf8 16. Bg5 Be7 17. h4 f5 18. g3 Nhf6 19. Kg2 Ne4 20. Bf4 Bf6 21. Ne5 g5 22.
hxg5 Bxg5 23. Nxd7 Bxf4 24. Nb6 Nxg3 25. exf4 Nxf1 26. Nxa8 Nh2 27. Kxh2 Qh4+
28. Kg2 Re7 29. Ne2 Rg7+ 30. Kf3 Qh1+ 31. Ke3 Rg2 32. Qc1 Qh2 33. Ra1 Bxa8 34.
axb5 Rxf2 35. Qg1+ Rg2 36. Qxh2 Rxh2 37. Rxa6 Bb7 38. Ra7 1-0

[Event "BPB Limburg-open C"]
[Site "Maastricht"]
[Date "2015.05.22"]
[Round "1"]
[White "Vos, Wolfgang"]
[Black "Johnen, Franz"]
[Result "1-0"]
[WhiteElo "1578"]
[BlackElo "1717"]
[PlyCount "121"]
[EventDate "2015.05.22"]
[EventType "swiss"]
[EventRounds "7"]
[EventCountry "NED"]
[Source "P.Boonen"]
[SourceDate "2015.01.01"]

1. d4 d5 2. Nf3 Nc6 3. Bf4 e6 4. e3 Nf6 5. c3 Be7 6. Bd3 h6 7. Nbd2 g5 8. Bg3
Bd6 9. Bxd6 Qxd6 10. e4 dxe4 11. Nxe4 Nxe4 12. Bxe4 Bd7 13. Nd2 f5 14. Qh5+ Kd8
15. Bd3 Be8 16. Qe2 Bf7 17. O-O Re8 18. Nc4 Qf8 19. Rfe1 Qg7 20. Rad1 Kc8 21.
Ne5 Nxe5 22. dxe5 c6 23. Bc4 Kc7 24. Rd6 Rad8 25. Qd2 Qf8 26. Rd1 Rxd6 27.
exd6+ Kd7 28. Qd4 b6 29. Qf6 Bh5 30. Bxe6+ Rxe6 31. Qxf8 Bxd1 32. Qg7+ Ke8 33.
d7+ Kd8 34. Qh8+ Kxd7 35. h3 f4 36. Qg7+ Ke8 37. Qxa7 b5 38. Qd4 Be2 39. f3 Bc4
40. b3 Re1+ 41. Kh2 Bf1 42. Qf2 Rd1 43. Qc2 Rd6 44. Qe4+ Kd8 45. Qe1 Bd3 46. h4
Kd7 47. Kh3 Bf5+ 48. g4 fxg3+ 49. Kxg3 gxh4+ 50. Kxh4 Re6 51. Qd2+ Ke7 52. a4
Rd6 53. Qf4 Bc2 54. Qe5+ Re6 55. Qc7+ Kf6 56. a5 Bxb3 57. a6 Bd5 58. a7 Re8 59.
Qd6+ Be6 60. Qxc6 Rc8 61. Qxc8 1-0

[Event "BPB Limburg-open C"]
[Site "Maastricht"]
[Date "2015.05.22"]
[Round "1"]
[White "Zheng, Jimmy"]
[Black "Muntean, Victor"]
[Result "0-1"]
[WhiteElo "900"]
[BlackElo "1254"]
[PlyCount "96"]
[EventDate "2015.05.22"]
[EventType "swiss"]
[EventRounds "7"]
[EventCountry "NED"]
[Source "P.Boonen"]
[SourceDate "2015.01.01"]

1. e4 e5 2. Nf3 Nc6 3. Nc3 Nf6 4. Bc4 Nxe4 5. Nxe4 d5 6. Bxd5 Qxd5 7. d3 Bf5 8.
Nc3 Qd7 9. Bg5 f6 10. Be3 O-O-O 11. Qd2 Bb4 12. O-O-O Nd4 13. Qe1 Qc6 14. Bd2
Nxf3 15. gxf3 Qxf3 16. Nb5 Bxd2+ 17. Qxd2 a6 18. Nc3 e4 19. Nxe4 Bxe4 20. Qe3
Qxe3+ 21. fxe3 Bxh1 22. Rxh1 Kd7 23. Rg1 g6 24. Rf1 Ke6 25. c4 Rxd3 26. Re1
Rhd8 27. b3 Rd2 28. Rh1 Rxa2 29. Kb1 Rdd2 30. h4 Rdb2+ 31. Kc1 Rxb3 32. Re1
Ra1+ 33. Kd2 Rb2+ 34. Kc3 Rxe1 35. Kxb2 Rxe3 36. Kc2 Re4 37. Kd3 Rxh4 38. Kc3
b5 39. cxb5 axb5 40. Kc2 Rh3 41. Kd2 Ke5 42. Ke2 b4 43. Kd2 b3 44. Kc1 Rh2 45.
Kb1 Kd4 46. Kc1 Kd3 47. Kb1 Kc3 48. Ka1 Rh1# 0-1

[Event "BPB Limburg-open C"]
[Site "Maastricht"]
[Date "2015.05.23"]
[Round "2"]
[White "Akulov, Lev"]
[Black "Kusse, Marcel"]
[Result "1-0"]
[WhiteElo "1611"]
[BlackElo "1520"]
[PlyCount "71"]
[EventDate "2015.05.22"]
[EventType "swiss"]
[EventRounds "7"]
[EventCountry "NED"]
[Source "P.Boonen"]
[SourceDate "2015.01.01"]

1. e4 c6 2. d4 d5 3. e5 c5 4. f4 cxd4 5. Qxd4 Nc6 6. Bb5 Qa5+ 7. Nc3 e6 8. Bd2
Qxb5 9. Nxb5 Nxd4 10. Nxd4 Bc5 11. Ngf3 Ne7 12. O-O-O a6 13. Rhe1 Bd7 14. Be3
Rc8 15. Nb3 Bxe3+ 16. Rxe3 O-O 17. Nbd4 Rc7 18. Rdd3 Rfc8 19. Rc3 Rxc3 20. Rxc3
Rxc3 21. bxc3 Nc6 22. Nxc6 Bxc6 23. Nd4 Kf8 24. Kb2 Ke7 25. Nxc6+ bxc6 26. Kb3
Kd7 27. Kb4 Kc7 28. Kc5 h5 29. g3 f6 30. h3 fxe5 31. fxe5 g5 32. g4 hxg4 33.
hxg4 a5 34. a4 Kd7 35. Kb6 c5 36. Kxc5 1-0

[Event "BPB Limburg-open C"]
[Site "Maastricht"]
[Date "2015.05.23"]
[Round "2"]
[White "Allaart, Jesse"]
[Black "Lenaerts, Robbe"]
[Result "1-0"]
[WhiteElo "1230"]
[BlackElo "1260"]
[PlyCount "65"]
[EventDate "2015.05.22"]
[EventType "swiss"]
[EventRounds "7"]
[EventCountry "NED"]
[Source "P.Boonen"]
[SourceDate "2015.01.01"]

1. e4 d5 2. exd5 Nf6 3. Nf3 Nxd5 4. Bc4 e6 5. O-O Bc5 6. d4 Be7 7. Bxd5 exd5 8.
Nc3 Bf5 9. Bf4 a6 10. Re1 O-O 11. Bxc7 Qxc7 12. Nxd5 Qxc2 13. Nxe7+ Kh8 14.
Qxc2 Bxc2 15. Rac1 Bg6 16. Rc8 Rxc8 17. Nxc8 h6 18. Re8+ Kh7 19. Nb6 f6 20. Rd8
Ra7 21. Rxb8 Bf5 22. d5 a5 23. a4 Ra6 24. Rxb7 Be4 25. Nd2 Bxd5 26. Nxd5 Rd6
27. Rb5 Rd8 28. Rxa5 Kg6 29. Kf1 Kf7 30. Ke2 Re8+ 31. Ne3 g5 32. Ndc4 h5 33.
Nd6+ 1-0

[Event "BPB Limburg-open C"]
[Site "Maastricht"]
[Date "2015.05.23"]
[Round "2"]
[White "Baselmans, Daan"]
[Black "Mohammadi Nia, Nosratollah"]
[Result "1-0"]
[WhiteElo "900"]
[BlackElo "1168"]
[PlyCount "29"]
[EventDate "2015.05.22"]
[EventType "swiss"]
[EventRounds "7"]
[EventCountry "NED"]
[Source "P.Boonen"]
[SourceDate "2015.01.01"]

1. e4 e5 2. Nf3 Nc6 3. Bc4 h6 4. Nc3 Nf6 5. d3 Bc5 6. O-O O-O 7. h3 d6 8. Bd2
a6 9. Nd5 b5 10. Nxf6+ Qxf6 11. Bd5 Bb7 12. g4 Ra7 13. g5 Qg6 14. Kh2 Kh7 15.
Nh4 1-0

[Event "BPB Limburg-open C"]
[Site "Maastricht"]
[Date "2015.05.23"]
[Round "2"]
[White "Baselmans, Sam"]
[Black "Elisen, Peter"]
[Result "1-0"]
[WhiteElo "1586"]
[BlackElo "1500"]
[PlyCount "63"]
[EventDate "2015.05.22"]
[EventType "swiss"]
[EventRounds "7"]
[EventCountry "NED"]
[Source "P.Boonen"]
[SourceDate "2015.01.01"]

1. e4 c5 2. Nc3 e6 3. f4 Nc6 4. Nf3 a6 5. d4 cxd4 6. Nxd4 Be7 7. Be2 Qc7 8. O-O
Nxd4 9. Bd3 b5 10. f5 Nf6 11. e5 Nd5 12. Nxd5 exd5 13. f6 gxf6 14. Qg4 Ne6 15.
exf6 Bc5+ 16. Kh1 Bf8 17. Bf4 d6 18. Rae1 Bd7 19. Bf5 Qc8 20. Rf3 h5 21. Qh3
Kd8 22. Rc3 Nc5 23. Bxd7 Qxd7 24. Qe3 Qe6 25. Qf2 Qxf6 26. Rf3 Be7 27. Be5 Qh6
28. Bxh8 Qxh8 29. Rxf7 Ne4 30. Qb6+ Kd7 31. Qb7+ Ke6 32. Qxe7# 1-0

[Event "BPB Limburg-open C"]
[Site "Maastricht"]
[Date "2015.05.23"]
[Round "2"]
[White "Bauer, Juri"]
[Black "Cheng, Fon Kee"]
[Result "1-0"]
[WhiteElo "1418"]
[BlackElo "1235"]
[PlyCount "69"]
[EventDate "2015.05.22"]
[EventType "swiss"]
[EventRounds "7"]
[EventCountry "NED"]
[Source "P.Boonen"]
[SourceDate "2015.01.01"]

1. e4 e5 2. Nf3 a6 3. Bc4 c5 4. Nxe5 Nh6 5. d4 d6 6. Bxh6 dxe5 7. Qh5 Qc7 8.
Bg5 cxd4 9. Bb3 Bb4+ 10. Bd2 Nc6 11. O-O O-O 12. f3 Be6 13. Bxe6 fxe6 14. c3
dxc3 15. Nxc3 Nd4 16. Kh1 Rad8 17. Rac1 Qd6 18. a3 Nb3 19. axb4 Nxc1 20. Bxc1
Qd3 21. Rg1 Qd4 22. h3 Rf6 23. Bg5 Rdf8 24. Bxf6 Rxf6 25. Qe8+ Rf8 26. Qxe6+
Kh8 27. Rd1 Qf2 28. Qe7 Rg8 29. Rd7 Qxb2 30. Qxe5 Qxb4 31. Nd5 Qb1+ 32. Kh2 b5
33. Ne7 Ra8 34. Ng6+ hxg6 35. Qxg7# 1-0

[Event "BPB Limburg-open C"]
[Site "Maastricht"]
[Date "2015.05.23"]
[Round "2"]
[White "Been, Klaas"]
[Black "Borsten, Chris"]
[Result "0-1"]
[WhiteElo "1722"]
[BlackElo "1557"]
[PlyCount "48"]
[EventDate "2015.05.22"]
[EventType "swiss"]
[EventRounds "7"]
[EventCountry "NED"]
[Source "P.Boonen"]
[SourceDate "2015.01.01"]

1. d4 Nf6 2. Nf3 e6 3. e3 d5 4. Bd3 c5 5. c3 Nc6 6. Nbd2 c4 7. Bc2 Bd6 8. Qe2
b5 9. O-O O-O 10. e4 e5 11. exd5 exd4 12. cxd4 Re8 13. Qd1 Nxd5 14. Ne4 Bf4 15.
Re1 Bg4 16. h3 Bxf3 17. Qxf3 Bxc1 18. Raxc1 Nxd4 19. Qd1 Nxc2 20. Qxc2 Nb4 21.
Qb1 Nd3 22. Rcd1 Qd4 23. Ng5 Qxf2+ 24. Kh1 Rxe1+ 0-1

[Event "BPB Limburg-open C"]
[Site "Maastricht"]
[Date "2015.05.23"]
[Round "2"]
[White "Beukema, Christiaan"]
[Black "Heuts, Guido"]
[Result "1-0"]
[WhiteElo "1470"]
[BlackElo "1320"]
[PlyCount "87"]
[EventDate "2015.05.22"]
[EventType "swiss"]
[EventRounds "7"]
[EventCountry "NED"]
[Source "P.Boonen"]
[SourceDate "2015.01.01"]

1. e4 c6 2. d4 d5 3. Nc3 dxe4 4. Nxe4 Bf5 5. Nc5 e5 6. Be3 Bxc5 7. dxc5 Nd7 8.
c3 Ngf6 9. Bc4 Qe7 10. b4 O-O 11. f3 Rad8 12. Qa4 a6 13. Bg5 Be6 14. Bxe6 Qxe6
15. Qc2 h6 16. Bh4 g5 17. Bf2 Nd5 18. h4 g4 19. fxg4 Qxg4 20. Rh3 Qe6 21. Rg3+
Kh8 22. O-O-O Rg8 23. Rdd3 Rxg3 24. Rxg3 Rg8 25. Ne2 Rxg3 26. Nxg3 Qg6 27. Qxg6
fxg6 28. Ne4 Nf4 29. g3 Nd3+ 30. Kd2 Nxf2 31. Nxf2 b6 32. cxb6 Nxb6 33. Ng4 Nd7
34. Nxh6 Kg7 35. Ng4 Kf7 36. Ke3 Ke6 37. Ke4 c5 38. a3 cxb4 39. axb4 Kd6 40. c4
Nc5+ 41. bxc5+ Kxc5 42. Nxe5 a5 43. Kd3 Kb4 44. Nc6+ 1-0